| 000 | 01132cam a2200325 i 4500 | ||
|---|---|---|---|
| 001 | 13001003 | ||
| 003 | EG-ScBUE | ||
| 005 | 20260401113259.0 | ||
| 008 | 021113t2003 njuab f b 001 0 eng d | ||
| 020 | _a0130919489 | ||
| 020 | _a9780130919489 | ||
| 040 |
_aEG-ScBUE _beng _erda _cEG-ScBUE _dEG-ScBUE |
||
| 082 | 0 | 4 |
_a550.223 _222 _bTEA |
| 100 | 1 |
_aTearpock, Daniel J., _eauthor. _932614 |
|
| 245 | 1 | 0 |
_aApplied subsurface geological mapping : _bwith structural methods / _cDaniel J. Tearpock and Richard E. Bischke ; Laurence G. Walker, editor. |
| 250 | _aSecond edition. | ||
| 264 | 1 |
_aUpper Saddle River, N.J. : _bPrentice Hall, _c[2003] |
|
| 264 | 4 | _cc2003 | |
| 300 |
_axxx, 822 pages : _billustrations, maps ; _c29 cm |
||
| 336 |
_2rdacontent _atext _btxt |
||
| 337 |
_aunmediated _2rdamedia _bn |
||
| 338 |
_avolume _bnc _2rdacarrier |
||
| 504 | _aIncludes bibliographical references and index. | ||
| 650 | 7 |
_aPetroleum _xGeology. _2BUEsh _932615 |
|
| 650 | 7 |
_aGeological mapping. _2BUEsh _94422 |
|
| 653 | _cFebruary2013 | ||
| 655 | _vReading book | ||
| 700 | 1 |
_aBischke, Richard E., _eauthor. _932616 |
|
| 942 |
_2ddc _cBB |
||
| 999 |
_c17296 _d17268 |
||